Generation of vipers ...

সংরক্ষণ করুন:
গ্রন্থ-পঞ্জীর বিবরন
প্রধান লেখক: Wylie, Philip
বিন্যাস: গ্রন্থ
ভাষা:Undetermined
প্রকাশিত: New York Rinehart 1942
বিষয়গুলি:
ট্যাগগুলো: ট্যাগ যুক্ত করুন
কোনো ট্যাগ নেই, প্রথমজন হিসাবে ট্যাগ করুন!
Thư viện lưu trữ: Trung tâm Học liệu Trường Đại học Cần Thơ
LEADER 00486nam a2200193Ia 4500
001 CTU_88689
008 210402s9999 xx 000 0 und d
082 |a 973.92 
082 |b W983 
100 |a Wylie, Philip 
245 0 |a Generation of vipers ... 
245 0 |c Philip Wylie 
260 |a New York 
260 |b Rinehart 
260 |c 1942 
650 |a United states 
650 |x Civilization 
904 |i Năm,Hải 
980 |a Trung tâm Học liệu Trường Đại học Cần Thơ